000
00343nam a2200157Ia 4500
003
0STCL
008
150530s9999 xx 000 0 und d
040
_a
STCL
_c
STCL
100
_a
Fortune; Ed
245
_a
Great American scientists
260
_c
1960
546
_a
English
942
_2
ddc
_c
BK
999
_c
31816
_d
31816
005
20220125170231.0